00748cam a2200193 a 4500020001500000082001600015100002400031245004000055260003900095300000900134490003500143500003300178505018400211650002600395650004100421700001600462700001600478856006000494 a0815863051 a546.264 INO aInorganic chemistry00aInorganic reaction mechanisms vol.6 aLondon :bChemical Society,c1979. a471p1 aA specialist periodical report a"ISSN 0305-8255"--Verso t.p.0 apt. I. Electron transfer processes -- pt. II. Substitution and related reactions -- pt. III. Reactions of biochemical interest / by D.N. Hague -- pt. IV. Organometallic compounds. 0aChemistry, Inorganic. 0aChemistry, Physical and theoretical.1 aMcAuley, A.1 aBurgess, J.40uhttp://www.columbia.edu/cgi-bin/cul/resolve?clio8638558